000 00402nam a2200181Ia 4500
001 19280
005 20260306171732.0
008 260306s9999||||xx |||||||||||||| ||und||
041 _aESP
082 _a658.83
_bCH517
100 _aW. Cham Kim
_eAUT
245 0 _aLa Estrategia del Océano azul
260 _c2008
300 _a
_c
650 _aGEN
654 _aCAN
942 _cLIB
_dJUS
_fJUS
_2ddc
_n
999 _c19280
_d19280